CS:GO - All S-Tier Tournaments in 2018 - Statistics

General Stats
  • This quiz has been taken 3 times
  • The average score is 121 of 203
Answer Stats
Hint Answer % Correct
AdreN
100%
Astralis
100%
autimatic
100%
AVANGAR
100%
BIG
100%
boltz
100%
Brehze
100%
buster
100%
byali
100%
cadiaN
100%
cajunb
100%
Calyx
100%
CeRq
100%
chrisJ
100%
1st Cloud9
100%
coldzera
100%
dennis
100%
device
100%
Dosia
100%
dupreeh
100%
Edward
100%
electroNic
100%
EliGE
100%
Ethan
100%
FalleN
100%
2nd FaZe
100%
felps
100%
fer
100%
flamie
100%
flusha
100%
fnatic
100%
Gambit
100%
gla1ve
100%
gob b
100%
GODSENT
100%
Golden
100%
GuardiaN
100%
HellRaisers
100%
HEN1
100%
HEROIC
100%
HObbit
100%
Jame
100%
JW
100%
k0nfig
100%
karrigan
100%
kioShiMa
100%
Kjaerbye
100%
KRIMZ
100%
4th Liquid
100%
LUCAS1
100%
Magisk
100%
MAJ3R
100%
MIBR
100%
mou
100%
MOUZ
100%
mouz
100%
NAF
100%
3-4th Natus Vincere
100%
NEO
100%
nex
100%
NiKo
100%
niko
100%
Ninjas in Pyjamas
100%
nitr0
100%
North
100%
NRG
100%
olofmeister
100%
oskar
100%
pashaBiceps
100%
Qikert
100%
rain
100%
refrezh
100%
ropz
100%
RUSH
100%
s1mple
100%
ScreaM
100%
3rd SK
100%
Skadoodle
100%
Snax
100%
Space Soldiers
100%
steel
100%
Stewie2K
100%
tabseN
100%
TACO
100%
tarik
100%
TaZ
100%
twist
100%
Twistzz
100%
Virtus.pro
100%
woxic
100%
XANTARES
100%
Xyp9x
100%
Zeus
100%
aizy
50%
ANGE1
50%
bondik
50%
Brollan
50%
cromen
50%
daps
50%
DeadFox
50%
dragonfly
50%
ENCE
50%
Envy
50%
es3tag
50%
f0rest
50%
fitch
50%
Fragsters
50%
friberg
50%
FugLy
50%
gade
50%
GeT_RiGhT
50%
Ghost
50%
hampus
50%
Imperial
50%
ISSAA
50%
JUGi
50%
koosta
50%
KrizzeN
50%
Lekr0
50%
mertz
50%
MICHU
50%
mir
50%
mixwell
50%
MODDII
50%
MSL
50%
nexa
50%
ngiN
50%
nukkye
50%
OpTic
50%
paz
50%
REZ
50%
Russia
50%
seized
50%
smooya
50%
Snappi
50%
stanislaw
50%
stavn
50%
STYKO
50%
suNny
50%
swag
50%
tiziaN
50%
torben
50%
valde
50%
WARDELL
50%
Xizt
50%
xms
50%
AcilioN
0%
AE
0%
Aerial
0%
Aleksib
0%
allu
0%
ANDROID
0%
BnTeT
0%
Bubzkji
0%
caike
0%
captainMo
0%
chopper
0%
Complexity
0%
crush
0%
DD
0%
dephh
0%
disco doplan
0%
EspiranTo
0%
freddieb
0%
glow
0%
hAdji
0%
hooch
0%
hutji
0%
iDk
0%
jR
0%
Kinguin
0%
kRYSTAL
0%
Luminosity
0%
Maluk3
0%
mch
0%
MINISE
0%
morelz
0%
MVP PK
0%
n0thing
0%
NEKIZ
0%
rallen
0%
reatz
0%
sergej
0%
ShahZaM
0%
SIXER
0%
solo
0%
somebody
0%
Subroza
0%
TeamOne
0%
TENZKI
0%
tonyblack
0%
trk
0%
TYLOO
0%
Vega Squadron
0%
WorldEdit
0%
xccurate
0%
xeta
0%
XigN
0%
xseveN
0%
yay
0%
yel
0%
zeff
0%
No matching quizzes found
Score Distribution
Percent of People with Each Score
Percentile by Number Answered
Your Score History
You have not taken this quiz